| 000 | 00811 a2200145 4500 | ||
|---|---|---|---|
| 999 |
_c33 _d33 |
||
| 020 | _a9780809328208 | ||
| 050 | _aB945 DEW 1981 | ||
| 100 |
_aBoydson. Jo, Ann _eEditor |
||
| 245 |
_aJohn Dewey : _bThe later works, 1925-1953 / _cedited by Jo Ann Boydston, associate textual editors, Patricia Baysinger, Barbara Levine ; with an introd. by Sidney Hook, with a new introd. by John Dewey, edited by Joseph Ratner. |
||
| 264 |
_aLondon : _bCarbondale : Southern Illinois University Press, _c1981 |
||
| 300 | _axxxiii, 456p. : | ||
| 500 | _aTextual editors and writers of introductions vary from volume to volume. Continues The middle works, 1899-1924. Vols. 4-17 have imprint: Carbondale : Southern Illinois University Press. Includes bibliographies and indexes. | ||
| 650 | _aPhilosophy | ||
| 942 |
_2lcc _cBK _h945 _iDEW _kB |
||